Cuneiform inscriptions in the collection of the Bible Lands Museum Jerusalem (Record no. 54023)

MARC details
000 -LEADER
fixed length control field 01805nam a22004214a 4500
001 - CONTROL NUMBER
control field vtls003200225
003 - CONTROL NUMBER IDENTIFIER
control field MY-SjTCS
005 - DATE AND TIME OF LATEST TRANSACTION
control field 20200306165247.0
006 - FIXED-LENGTH DATA ELEMENTS--ADDITIONAL MATERIAL CHARACTERISTICS
fixed length control field m u
007 - PHYSICAL DESCRIPTION FIXED FIELD--GENERAL INFORMATION
fixed length control field cr cn|||||||||
008 - FIXED-LENGTH DATA ELEMENTS--GENERAL INFORMATION
fixed length control field 100712s2006 ne a sb 001 0 eng
010 ## - LIBRARY OF CONGRESS CONTROL NUMBER
Canceled/invalid LC control number 2006-049119
020 ## - INTERNATIONAL STANDARD BOOK NUMBER
Canceled/invalid ISBN 9004147101
035 ## - SYSTEM CONTROL NUMBER
System control number (CaPaEBR)ebr10234893
039 #9 - LEVEL OF BIBLIOGRAPHIC CONTROL AND CODING DETAIL [OBSOLETE]
-- 201007121738
-- VLOAD
040 ## - CATALOGING SOURCE
Original cataloging agency CaPaEBR
Transcribing agency CaPaEBR
043 ## - GEOGRAPHIC AREA CODE
Geographic area code a-is---
-- a-iq---
050 14 - LIBRARY OF CONGRESS CALL NUMBER
Classification number PJ3711
Item number .C86 2006eb
082 04 - DEWEY DECIMAL CLASSIFICATION NUMBER
Classification number 492.1
Edition number 22
245 00 - TITLE STATEMENT
Title Cuneiform inscriptions in the collection of the Bible Lands Museum Jerusalem
Medium [electronic resource] :
Remainder of title the old Babylonian inscriptions /
Statement of responsibility, etc. edited by Joan Westenholz and Aage Westenholz.
260 ## - PUBLICATION, DISTRIBUTION, ETC.
Place of publication, distribution, etc. Leiden ;
-- Boston :
Name of publisher, distributor, etc. Brill,
Date of publication, distribution, etc. 2006.
300 ## - PHYSICAL DESCRIPTION
Extent xiii, 191 p. :
Other physical details ill. ;
Dimensions 30 cm.
490 1# - SERIES STATEMENT
Series statement Cuneiform monographs ;
Volume/sequential designation v. 33
504 ## - BIBLIOGRAPHY, ETC. NOTE
Bibliography, etc. note Includes bibliographical references (p. 131-147) and indexes.
529 ## -
-- TSLHHL
533 ## - REPRODUCTION NOTE
Type of reproduction Electronic reproduction.
Place of reproduction Palo Alto, Calif. :
Agency responsible for reproduction ebrary,
Date of reproduction 2009.
Note about reproduction Available via World Wide Web.
-- Access may be limited to ebrary affiliated libraries.
650 #0 - SUBJECT ADDED ENTRY--TOPICAL TERM
Topical term or geographic name entry element Akkadian language
Form subdivision Texts.
9 (RLIN) 262764
650 #0 - SUBJECT ADDED ENTRY--TOPICAL TERM
Topical term or geographic name entry element Cuneiform inscriptions, Akkadian.
9 (RLIN) 262765
651 #0 - SUBJECT ADDED ENTRY--GEOGRAPHIC NAME
Geographic name Babylonia
General subdivision History
Form subdivision Sources.
9 (RLIN) 262766
651 #0 - SUBJECT ADDED ENTRY--GEOGRAPHIC NAME
Geographic name Babylonia
General subdivision Religion.
9 (RLIN) 262767
655 #7 - INDEX TERM--GENRE/FORM
Genre/form data or focus term Electronic books.
Source of term local
9 (RLIN) 201578
700 1# - ADDED ENTRY--PERSONAL NAME
Personal name Westenholz, Joan Goodnick,
Dates associated with a name 1943-
9 (RLIN) 262768
700 1# - ADDED ENTRY--PERSONAL NAME
Personal name Westenholz, Aage.
9 (RLIN) 262769
710 2# - ADDED ENTRY--CORPORATE NAME
Corporate name or jurisdiction name as entry element Muzeʼon artsot ha-Miḳra (Jerusalem)
9 (RLIN) 262770
710 2# - ADDED ENTRY--CORPORATE NAME
Corporate name or jurisdiction name as entry element ebrary, Inc.
9 (RLIN) 25628
830 #0 - SERIES ADDED ENTRY--UNIFORM TITLE
Uniform title Cuneiform monographs ;
Volume/sequential designation v. 33.
9 (RLIN) 262771
856 40 - ELECTRONIC LOCATION AND ACCESS
Uniform Resource Identifier https://ezproxy.taylors.edu.my/login?url=http://site.ebrary.com/lib/taylorscollege/Doc?id=10234893
Public note An electronic book accessible through the World Wide Web; click to view
Holdings
Withdrawn status Lost status Damaged status Not for loan Home library Current library Date acquired Total Checkouts Date last seen Price effective from Koha item type
      e-book Taylor's Library-TU Taylor's Library-TU 07/02/2020   07/02/2020 07/02/2020 E-Book